000 01170nam a2200325Ia 4500
003 GCL
008 140319s9999 xx 000 0 ara d
020 _a008009977
040 _aGCL /
_cGCL
082 0 4 _aق
_b962
_bا م
100 1 _aاسماعيل صبرى عبدالله
245 1 0 _aمصر التى نريدها :
_bتقرير سياسى وبرنامج مرحلى /
_cاسماعيل صبرى عبدالله
250 _aالاولى
260 _aالقاهرة :
_bدار الشروق ،
_c1992
300 _a257 ص ؛
_c21 سم
650 0 4 _aالماركسية
650 0 4 _aالعالم العربى
650 0 4 _aالاتحاد السوفيتى
650 0 4 _aالتنمية الاجتماعية
650 0 4 _aفلسطين
650 0 4 _aالاشتراكية
650 0 4 _aالتنمية الاقتصادية
650 0 4 _aالاحزاب السياسية
650 0 4 _aالراسمالية
650 0 4 _aالمادية الاقتصادية
650 0 4 _aمصر - الاحوال السياسية
650 0 4 _aمصر - الاحوال الاجتماعية
650 0 4 _aمصر - تاريخ - العصر الحديث
942 _2ddc
_cBK
999 _c58742
_d58742